| 000 | 00575nam a22001577a 4500 | ||
|---|---|---|---|
| 005 | 20251108174750.0 | ||
| 008 | 250721s2005 xx 000 0 ara d | ||
| 082 | 1 | 4 | _aم/387/لجن |
| 245 | 1 | 0 | _aمذكرة تفاهم بشأن التعاون في مجال النقل البحري في المشرق العربي / |
| 264 | 1 |
_aنيويورك : _bالأمم المتحدة، _c2005. |
|
| 300 | _a10 ص. | ||
| 650 | 1 | 7 | _aاللجنة الإقتصادية و الإجتماعية لغرب آسيا |
| 650 | 1 | 7 | _aالنقل البحري |
| 942 |
_2ddc _cREF |
||
| 999 |
_c117444 _d117444 |
||